| 000 | 00371nam a2200133Ia 4500 | ||
|---|---|---|---|
| 008 | 150202s9999 xx 000 0 und d | ||
| 020 | _a450053814 | ||
| 050 |
_aFIC _bFIC |
||
| 100 | _aMarksfin, George. | ||
| 245 |
_aUltimate issue / _cGeorge Marksfin. |
||
| 260 |
_aGreat Britain : _bNew English Library, _c1981. |
||
| 300 |
_a380 pages : _c18 cm. |
||
| 650 | _aFiction. | ||
| 999 |
_c282239 _d282239 |
||